| 000 | 01045cam a2200301 a 4500 | ||
|---|---|---|---|
| 001 | 15986947 | ||
| 003 | Nust- CAS-E | ||
| 005 | 20180118181401.0 | ||
| 008 | 091117s2010 enkab b 001 0 eng | ||
| 010 | _a 2009045463 | ||
| 020 | _a9780470747070 | ||
| 040 |
_aDLC _cDLC _dDLC |
||
| 041 | 1 |
_aeng _hger |
|
| 042 | _apcc | ||
| 050 | 0 | 0 |
_aTJ808 _b.Q38913 2010 |
| 082 | 0 | 0 |
_a363.738/74 _222 _bQUA 2010 |
| 100 | 1 |
_aQuaschning, Volker, _d1969- |
|
| 240 | 1 | 0 |
_aErneuerbare Energien und Klimaschutz. _lEnglish |
| 245 | 1 | 0 |
_aRenewable energy and climate change / _cVolker Quaschning. |
| 260 |
_aChichester, West Sussex, U.K. ; _aHoboken, N.J. : _bWiley, _cc2010. |
||
| 300 |
_axii, 308 p. : _bcol. ill., col. maps ; _c25 cm. |
||
| 504 | _aIncludes bibliographical references (p. 300-302) and index. | ||
| 650 | 0 | _aRenewable energy sources. | |
| 650 | 0 | _aClimatic changes. | |
| 906 |
_a7 _bcbc _corignew _d1 _eecip _f20 _gy-gencatlg |
||
| 942 |
_2ddc _cBK |
||
| 999 |
_c355410 _d355410 |
||